Cuộc đời & thời đại của Martin Luther King

Guardado en:
Detalles Bibliográficos
Formato: Libro
Lenguaje:Vietnamese
Publicado: H. Văn hóa 1997
Colección:Tủ sách danh nhân thế giới
Materias:
Etiquetas: Agregar Etiqueta
Sin Etiquetas, Sea el primero en etiquetar este registro!
Thư viện lưu trữ: Trung tâm Học liệu Lê Vũ Hùng, Trường Đại học Đồng Tháp
LEADER 00761pam a22002418a 4500
001 00025063
005 20171026081022.0
008 110730s1997 ||||||viesd
041 0 # |a vie 
082 1 4 |a 324.092  |b C514Đ 
245 0 0 |a Cuộc đời & thời đại của Martin Luther King 
260 # # |a H.  |b Văn hóa  |c 1997 
300 # # |a 108tr.  |b ảnh  |c 19cm 
490 # # |a Tủ sách danh nhân thế giới 
600 |a King, Martin Luther 
650 # 4 |a Mục sư 
650 # 4 |a Nhà cách mạng 
651 |a Mỹ 
852 # # |b Kho mượn  |j KM.0010648 
852 # # |b Kho đọc  |j KD.0010371 
852 # # |j KM.0010648  |j KD.0010371 
910 |d 30/07/2011 
980 # # |a Trung tâm Học liệu Lê Vũ Hùng, Trường Đại học Đồng Tháp